| 000 | 00465nam a2200145Ia 4500 | ||
|---|---|---|---|
| 008 | 231217s9999 xx 000 0 und d | ||
| 041 | _aEnglish | ||
| 082 | _a658.8 SAH;1 R | ||
| 100 | _aSahadev, Sunil. Purani, Keyoor | ||
| 245 | 0 | _aInternational conference on marketing in the age of convergence : proceedings | |
| 260 |
_c2006 _bIndian Institute of Management _aKozhikode |
||
| 300 | _a354 | ||
| 650 | _aconference,marketing,age,convergence,: | ||
| 942 | _cAA | ||
| 999 |
_c180673 _d180673 |
||